عرض عادي عرض مارك
  • الخفاجي , شهاب الدين احمد بن محمد بن عمر المصري الحنفي

مدخل إسم شخص

عدد التسجيلات المستخدمة في: 1

001 - رقم الضبط

  • حقل الضبط: 980

003 - معرف رقم الضبط

  • حقل الضبط: OSt

005 - تاريخ ووقت أخر عملية

  • حقل الضبط: 20110714165627.0

008 - عناصر بيانات ثابتة الطول

  • حقل تحكم ثابت الطول: 110714|||a|||||| | ||| d

040 ## - مصدر الفهرسة

  • هيئة الفهرسة الأصلية: OSt
  • وكالة الكتابة: OSt

100 ## - مدخل -- أسم شخص

  • إسم شخص: الخفاجي , شهاب الدين احمد بن محمد بن عمر المصري الحنفي
  • تواريخ مرتبطة بالاسم: ( 977 - 1069هـ)

670 ## - بيانات المصدر موجوده

  • الاستشهاد بالمصدر: Work cat.: (OSt)1228: الخفاجي , شهاب الدين احمد بن محمد بن عمر المصري الحنفي ( 977 - 1069هـ), حاشية الشهاب المسماة عناية القاضي و كفاية الراضي على تفسير البيضاوي/, 19-؟